|
|
|
|
| LEADER |
01684nam a22003017i 4500 |
| 001 |
10094405 |
| 003 |
GR-PaULI |
| 005 |
20240524063311.0 |
| 008 |
110829s1906 gr f d gre d |
| 040 |
|
|
|a GR-PaULI
|b gre
|c GR-PaULI
|e AACR2
|
| 041 |
0 |
|
|a gre
|
| 082 |
1 |
4 |
|a 882.12
|2 23
|
| 100 |
0 |
|
|a Σοφοκλής,
|d 496-406
|4 aut
|e Συγγραφέας
|9 23505
|
| 240 |
1 |
0 |
|a Ηλέκτρα.
|
| 245 |
1 |
0 |
|a Τραγωδίαι Σοφοκλέους :
|b Ηλέκτρα /
|c εκδιδόμεναι μετά σχολίων υπό Γεωργίου Μιστριώτου.
|
| 250 |
|
|
|a 2η εκδ.
|
| 260 |
|
|
|a Εν Αθήναις :
|b Εκ του Τυπογραφείου Π. Δ. Σακελλαρίου,
|c 1906.
|
| 300 |
|
|
|a 213 σ. ;
|c 23 εκ.
|
| 490 |
0 |
|
|a Βιβλιοθήκη Ελλήνων Συγγραφέων εκδιδομένων υπό Γεωργίου Μιστριώτου.
|
| 504 |
|
|
|a Περιέχει βιβλιογραφικές παραπομπές.
|
| 600 |
1 |
4 |
|9 57862
|a Σοφοκλής,
|d (496-406)
|x Ερμηνεία και κριτική
|
| 700 |
1 |
|
|a Μιστριώτης, Γεώργιος,
|d 1839-1916
|e συγγραφέας εισαγωγής, σχολίων
|9 33556
|
| 760 |
1 |
|
|a Βιβλιοθήκη Ελλήνων Συγγραφέων εκδιδομένων υπό Γεωργίου Μιστριώτου
|
| 852 |
|
|
|a GR-PaULI
|b ΠΑΤΡΑ
|b ΘΕΑΤΡΟΛΟΓΙΑ
|k ΑΣΧΕ-3
|h 882.12 ΜΙΣ
|m 07497
|p 025000197787
|t 1
|
| 942 |
|
|
|2 ddc
|c BK15
|
| 952 |
|
|
|0 0
|1 0
|4 0
|6 882_120000000000000_ΜΙΣ
|7 0
|9 102466
|a THST
|b THST
|d 2016-04-24
|i 07497
|l 1
|o 882.12 ΜΙΣ
|p 025000197787
|r 2019-11-19 00:00:00
|s 2019-11-14
|t 1
|v 2016.00
|w 2016-04-24
|y BK15
|
| 998 |
|
|
|c ΜΑΝΙΑ
|d 2011-08
|
| 999 |
|
|
|c 70104
|d 70104
|